| 000 | 00637nam a2200217 i 4500 | ||
|---|---|---|---|
| 001 | 85985 | ||
| 003 | ES-MaACL | ||
| 005 | 20250808022125.0 | ||
| 007 | t| | ||
| 008 | 041203s1959 sp ||||1| spa d | ||
| 100 | 1 |
_aKemp, Peter. _967805 |
|
| 245 | 1 | 0 |
_aLegionario en España / _cPeter Kemp ; [versión española de C. Paytuvi]. |
| 250 | _a1ª ed. | ||
| 260 |
_aBarcelona : _bLuis de Caralt, _c[1959] |
||
| 300 |
_a247 p. ; _c20 cm. |
||
| 490 | 1 | _aLa vida vivida | |
| 700 | 0 |
_aPaytuví de Sierra, Carlos. _989742 |
|
| 830 | 0 | 3 |
_aLa vida vivida _9180877 |
| 852 |
_aES-MaACL _jC-17124 _bR.45014 |
||
| 999 |
_c85985 _d85985 |
||